John T. Sullivan correspondence, (Record no. 41988)
[ view plain ]
| 000 -LEADER | |
|---|---|
| fixed length control field | 00868cpcaa22002177a 4500 |
| 001 - CONTROL NUMBER | |
| control field | mm 79005736 |
| 003 - CONTROL NUMBER IDENTIFIER | |
| control field | DLC |
| 005 - DATE AND TIME OF LATEST TRANSACTION | |
| control field | 20260227111652.0 |
| 008 - FIXED-LENGTH DATA ELEMENTS--GENERAL INFORMATION | |
| fixed length control field | 791217|||||||||||| eng |
| 010 ## - LIBRARY OF CONGRESS CONTROL NUMBER | |
| LC control number | mm 79005736 |
| 040 ## - CATALOGING SOURCE | |
| Original cataloging agency | DLC |
| Description conventions | dacs |
| Transcribing agency | DLC |
| Modifying agency | DLC |
| 072 #7 - SUBJECT CATEGORY CODE | |
| Subject category code | N |
| Source | lcmd |
| 100 1# - MAIN ENTRY--PERSONAL NAME | |
| Personal name | Sullivan, John T., |
| Dates associated with a name | active 1831-1867. |
| 245 00 - TITLE STATEMENT | |
| Title | John T. Sullivan correspondence, |
| Inclusive dates | 1831-1867. |
| 300 ## - PHYSICAL DESCRIPTION | |
| Extent | 12 |
| Type of unit | items. |
| 506 0# - RESTRICTIONS ON ACCESS NOTE | |
| Terms governing access | Open to research. |
| 533 ## - REPRODUCTION NOTE | |
| Type of reproduction | Negative photocopies produced from originals in possession of Esther Whigting Stonestreet. |
| Place of reproduction | Washington, D.C. : |
| Agency responsible for reproduction | Library of Congress Photoduplication Service, |
| Date of reproduction | 1938. |
| 546 ## - LANGUAGE NOTE | |
| Language note | Collection material in English. |
| 580 ## - LINKING ENTRY COMPLEXITY NOTE | |
| Linking entry complexity note | Forms part of: Miscellaneous Manuscripts collection. |
No items available.